00483nam a2200181 a 45000010005000000030009000050080041000140400028000550820016000831000021000992450062001202600031001823000014002134900017002276500015002446500020002596500022002791056CO-ViMGA141112s2004 ck r 000 u spa d aCO-ViMGAbspacCO-ViMGA04a745.5 T415p1 aThalheim, Yvonne10aPaquetes originales / cThalheim Yvonne , Nadolny Harold  aBarcelona : bCeac, c1990 a61 p : il aNuevas ideas14aARTESANIAS14aNadolny, Harold14aREGALOS - EMPAQUE